Mort subite: Finales des coupes du Monde de Football - Statistiques

Statistiques générales
  • Ce quiz a été pris 1 487 fois
  • Le résultat moyen est 10 sur 22
Answers on the Grid
Answers color-coded by a green-red scale on the quiz's grid according to % correct below.
Uruguay - Argentine 4-2
Italie - Tchécoslovaquie 2-1 ap
Italie - Hongrie 4-2
Uruguay- Brésil 2-1
RFA - Hongrie 3-2
Brésil - Suède 5-2
Brésil - Tchécoslovaquie 3-1
Angleterre - RFA 4-2 ap
Brésil - Italie 4-1
RFA - Pays-Bas 2-1
Argentine - Pays-Bas 3-1
Italie - RFA 3-1
Argentine - RFA 3-2
RFA - Argentine 1-0
Brésil - Italie 0-0 ap (3-2 tab)
France - Brésil 3-0
Brésil - Allemagne 2-0
Italie - France 1-1 ap (5-3 tab)
Espagne - Pays-Bas1 -0 ap
Allemagne - Argentine 1-0
France - Croatie 4-2
Argentine - France 3-3 ap (4-2 tab)
URSS - Yougoslavie 4-3
Angleterre - Espagne 2-1
Allemagne - Suède 2-0
Italie - Espagne 1-0
Brésil - Argentine 3-2
Portugal - Mexique 2-0
Pays-Bas - URSS 2-0
France - Allemagne 1-0
RFA - Ecosse 3-2
Belgique - Roumanie 5-2
 
Statistiques - réponses
Réponse % Correct
France - Brésil 3-0
80%
France - Croatie 4-2
80%
Argentine - France 3-3 ap (4-2 tab)
76%
Italie - France 1-1 ap (5-3 tab)
72%
Espagne - Pays-Bas1 -0 ap
65%
Allemagne - Argentine 1-0
61%
Uruguay- Brésil 2-1
49%
Uruguay - Argentine 4-2
48%
Brésil - Allemagne 2-0
45%
Brésil - Italie 0-0 ap (3-2 tab)
45%
Brésil - Suède 5-2
43%
Brésil - Italie 4-1
41%
Argentine - Pays-Bas 3-1
35%
Angleterre - RFA 4-2 ap
34%
Italie - RFA 3-1
34%
Argentine - RFA 3-2
32%
Italie - Hongrie 4-2
32%
Italie - Tchécoslovaquie 2-1 ap
32%
Brésil - Tchécoslovaquie 3-1
31%
RFA - Argentine 1-0
30%
RFA - Pays-Bas 2-1
28%
RFA - Hongrie 3-2
25%
Aucun quiz correspondant
Distribution des résultats
% des personnes avec chaque résultat
Percentile par nombre de réponses
Votre historique - résultats
Vous n’avez pas pris ce quiz